Majster pästiarskych rukavíc /
Uložené v:
| Hlavný autor: | |
|---|---|
| Médium: | Kniha |
| Jazyk: | Slovak |
| Vydané: |
Bratislava :
Slovenské nakladateľstvo detskej knihy,
1954.
|
| Vydanie: | 1. vyd. |
| Edícia: | Knižnica strednej školy
zv. 48 |
| ISBN: |
(viaz.) |
| Fyzický popis: |
115 s. : il. |
| Tagy: |
Pridať tag
Žiadne tagy, Buďte prvý kto otaguje tento záznam!
|
Titul je dostupný aj v ... 

MARC
| LEADER | 00000nam a22000001 4500 | ||
|---|---|---|---|
| 001 | 000508607 | ||
| 005 | 20160607173131.0 | ||
| 008 | 030101s1954 xo e slo d | ||
| 020 | |a (viaz.) |c Kčs 13,80 | ||
| 040 | |a SVKKK |b slo |c SVKKK |e AACR2 | ||
| 041 | 0 | |a slo | |
| 044 | |a xo |c SK | ||
| 100 | 1 | |a Moric, Rudo, |d 1921-1985 |4 aut | |
| 245 | 1 | 0 | |a Majster pästiarskych rukavíc / |c Rudo Moric. |
| 250 | |a 1. vyd. | ||
| 260 | |a Bratislava : |b Slovenské nakladateľstvo detskej knihy, |c 1954. | ||
| 300 | |a 115 s. : |b il. | ||
| 490 | 1 | |a Knižnica strednej školy |v zv. 48 | |
| 830 | 0 | |a Knižnica strednej školy |v zv. 48 | |
| 910 | |a svkkk | ||
| 998 | |a BK | ||
| 090 | |g SCKHL |k Sklad Pribinova 1. posch. |a IV.5448 |j 93298 |i 508607-10 |s Prezenčne | ||
| 090 | |g SCKHL |k Sklad Pribinova 1. posch. |a IV.9628 |j 96728 |i 508607-20 |s Prezenčne | ||